Statistics for 5 Seconds of Summer Lyrics Quiz

Click here to take the quiz!

General Stats

  • This quiz has been taken 14,559 times
  • The average score is 10 of 15

Answer Stats

HintAnswer% Correct
She sleeps alone, my heart wants to come home...Beside You
95%
She told me to meet her there, I can't afford the bus fare...Eighteen
86%
If I showed up with a plane ticket and a shiny diamond ring with your name on it...She Looks So Perfect
79%
Here's to teenage memories!Kiss Me Kiss Me
77%
Next day out, everybody thought you were insane...End Up Here
70%
She may be clever but she just acts the square...Good Girls
70%
I know some day it's gonna happen, and you'll finally forget the day you met him...Heartbreak Girl
69%
And all my friends keep asking why I'm not around...Amnesia
69%
Felt somebody looking at me, with a powder white complexion...English Love Affair
64%
She's dropping out of school, cus she don't need the grades...Try Hard
64%
I don't even see my friends no more, cus I've been hanging out with you...Voodoo Doll
61%
We're hiding out in a dream, catching fire like kerosene...Long Way Home
56%
Wake me up now, and tell me this is all a bad dream...Everything I Didn't Say
52%
Everyday it's the same, all the games that you play...Don't stop
45%
Where the hell is Eddie? He was nowhere to be found...Superhero
32%

Score Distribution

Percentile by Number Answered

Percent of People with Each Score

Your Score History

You have not taken this quiz